header

Iamblichus De anima (Record no. 71077)

MARC details
000 -LEADER
fixed length control field 01423nam a22003614a 4500
082 04 - DEWEY DECIMAL CLASSIFICATION NUMBER
Classification number 128/.1
100 0# - MAIN ENTRY--AUTHOR NAME
Personal name Iamblichus,
245 10 - TITLE STATEMENT
Title Iamblichus De anima
260 ## - PUBLICATION, DISTRIBUTION, ETC. (IMPRINT)
Place of publication Leiden ;
-- Boston, MA :
Name of publisher Brill,
Year of publication 2002.
300 ## - PHYSICAL DESCRIPTION
Number of Pages xi, 298 p.
490 1# - SERIES STATEMENT
Series statement Philosophia antiqua,
650 #0 - SUBJECT ADDED ENTRY--TOPICAL TERM
Topical Term Soul.
700 1# - ADDED ENTRY--PERSONAL NAME
Personal name Finamore, John F.,
Personal name Dillon, John M.
856 40 - ELECTRONIC LOCATION AND ACCESS
Uniform Resource Identifier http://site.ebrary.com/lib/rucke/Doc?id=10089147

No items available.

© 2026 Rongo University
Contact us: librarian | system librarian | Rongo university